000 00582nam a2200241Ia 4500
003 OSt
005 20220924150441.0
006 a|||||r|||| 00| 0
007 ta
008 220923b |||||||| |||| 00| 0 tel d
020 _c90.00
024 _a333155
037 _cTextual
040 _aARTS
_cARTS
_btel
041 _2tel
_atel
082 _a035,1M951:g, N2
100 _aRao Au.
245 0 _aKature sahite samalochana
260 _c1992
650 _aTELUGU POETRY
942 _h035,1M951:g, N2
_cTEXL
_2CC
999 _c463353
_d463353